Música para piano
Gorde:
| Egile nagusia: | |
|---|---|
| Formatua: | Liburua |
| Hizkuntza: | gaztelania |
| Argitaratua: |
San José
Universidad de Costa Rica
2006
|
| Edizioa: | 1a. ed |
| Gaiak: | |
| Etiketak: |
Etiketa erantsi
Etiketarik gabe, Izan zaitez lehena erregistro honi etiketa jartzen!
|
MARC
| LEADER | 00000cam a2200000 a 4500 | ||
|---|---|---|---|
| 001 | UCE7765 | ||
| 003 | CL-VaPUC | ||
| 008 | 150703e20060000cr |||||||||||||||||spa|d | ||
| 020 | |a 9968936863 | ||
| 082 | 0 | 4 | |a Pn786.2 |b FON |2 21 |
| 100 | 0 | |a Fonseca Gutiérrez, Julio |e author |9 580479 | |
| 245 | 1 | 0 | |a Música para piano |
| 250 | |a 1a. ed | ||
| 300 | |a 67 p | ||
| 942 | |c BK | ||
| 945 | |d 20150703 10:05:00 |a gsalatino | ||
| 260 | |a San José |b Universidad de Costa Rica |c 2006 | ||
| 650 | 0 | |a Música para piano |9 306528 | |
| 650 | 0 | |a Partituras |9 324008 | |
| 583 | |a last modification |c 20150703 10:05:00 |k Rodrigo Vera | ||
| 999 | |c 359795 |d 359793 | ||
| 952 | |0 0 |1 0 |3 erb |4 0 |6 PN_786_200000000000000_FON_2006 |7 0 |8 ? |9 469341 |a BIBEDU |b BIBEDU |i 5165377 |o Pn786.2 FON 2006 |p 5165377 |r 2023-11-22 |w 2019-11-23 |y BK |z Catalogado en:20150703 |k MUS | ||